000 00333nam a2200133Ia 4500
008 220524s9999 xx 000 0 und d
041 _aeng
082 _a746.1
100 _aDing Zhang & Yanpu Yuan
_92313
245 _aAn overall collection of China Blue Calico Vein Patterns
260 _b-
650 _aDyeing
_92314
906 _a50
999 _c4788
_d4788